000 00736nam a2200217Ia 4500
003 IN-BaIIA
008 211028s9999 xx s 000 0 eng d
020 _a978-2-7598-1907-2 (Online)
022 _a1633-4760 (Print)
022 _a1638-1963 (Online)
040 _cIIA Library
100 _aLagadec, E., ed.
_938261
245 4 _aThe Physics of Evolved Stars: A Conference Dedicated to the Memory of Olivier Chesneau
_h[eBook]
260 _aFrance
_bEDP Sciences
_c2015
300 _a367p.
490 _aEAS Publications Series
700 _aLanz, T.
_938262
700 _aMillour, F.
_938263
856 _uhttps://www.eas-journal.org/articles/eas/abs/2015/01/contents/contents.html
_yClick Here to Access eBook
942 _cEB
999 _c20663
_d20663